| 000 | 01144nam a2200265 i 4500 | ||
|---|---|---|---|
| 001 | 67470 | ||
| 003 | ES-MaACL | ||
| 005 | 20251210193254.0 | ||
| 008 | 040528s2004 sp a |||| | spa d | ||
| 020 | _a84-95846-79-02 | ||
| 080 | _a577.1/.2:061.22(460.27 M.)(091) | ||
| 245 | 0 | 0 |
_aCuarenta años de la Sociedad Española de Bioquímica y Biología Molecular (1963-2003) / _cdirector, Emilio Muñoz ; editores, María Jesús Santesmases, Ana Romero y Jesús Ávila. |
| 246 | 3 | _a40 años de la Sociedad Española de Bioquímica y Biología Molecular | |
| 260 |
_aMadrid : _bSociedad Estatal de Conmemoraciones Culturales, _c2004. |
||
| 300 |
_a362 p. : _bil. ; _c24 cm. |
||
| 610 | 2 | 4 |
_aSociedad Española de Bioquímica y Biología Molecular. _9170927 |
| 700 | 1 |
_aMuñoz, Emilio, _d1937- _9164911 |
|
| 700 | 1 |
_aSantesmases, María Jesús. _9103366 |
|
| 700 | 1 |
_aRomero de Pablos, Ana, _999372 _d1963- |
|
| 700 | 1 |
_aÁvila de Grado, Jesús _924045 |
|
| 710 | 2 |
_aSociedad Estatal de Conmemoraciones Culturales (España) _9134893 |
|
| 852 |
_aES-MaACL _jL-27681 _969986 |
||
| 942 |
_2udc _cMONOGRAFIA _n0 |
||
| 999 |
_c67470 _d67470 |
||